ՀՀ Գիտությունների ազգային ակադեմիայի հիմնարար գիտական գրադարան  =   Fundamental Scientific Library of NAS RA

Դաշնամուրային կոնցերտներ = (Record no. 493448)

MARC details
000 -LEADER
fixed length control field 01093ncm a2200241 a 4500
001 - CONTROL NUMBER
control field 000908921
003 - CONTROL NUMBER IDENTIFIER
control field AM-YeHGA
005 - DATE AND TIME OF LATEST TRANSACTION
control field 20250617162633.0
008 - FIXED-LENGTH DATA ELEMENTS--GENERAL INFORMATION
fixed length control field 120803|2011 ai ||| arm d
024 2# - OTHER STANDARD IDENTIFIER
Canceled/invalid standard number or code 979-0-801604-87-3
040 ## - CATALOGING SOURCE
Original cataloging agency AM-YeHGA
041 0# - LANGUAGE CODE
Language code of text/sound track or separate title armrus
090 ## - LOCALLY ASSIGNED LC-TYPE CALL NUMBER (OCLC); LOCAL CALL NUMBER (RLIN)
-- 496832
245 00 - TITLE STATEMENT
Title Դաշնամուրային կոնցերտներ =
Remainder of title [Фортепьянные концерты]/
Medium [Նոտա]/
Statement of responsibility, etc. Կազմող; խմբագիր՝ Գ. Զալինյան, Ն. Սարգսյան; ՄԿԱՀ.
260 ## - PUBLICATION, DISTRIBUTION, ETC.
Name of publisher, distributor, etc. «Վան Արյան»,
Date of publication, distribution, etc. 2011-.
300 ## - PHYSICAL DESCRIPTION
Extent Գիրք :
Other physical details նոտա ;
Dimensions 29 սմ.
505 10 - FORMATTED CONTENTS NOTE
Miscellaneous information Գիրք 1 (2011, 131 էջ )
-- Գիրք 2 (2012, 128 էջ )
-- Գիրք 3 (2014, 164 էջ, «ՄԿԱՀ»)
650 10 - SUBJECT ADDED ENTRY--TOPICAL TERM
Topical term or geographic name entry element Գործիքային ստեղծագործություններ
650 14 - SUBJECT ADDED ENTRY--TOPICAL TERM
Topical term or geographic name entry element Դաշնամուր
Form subdivision Կոնցերտ
700 1# - ADDED ENTRY--PERSONAL NAME
Personal name Զալինյան, Գոհար
Numeration կազմ.
Relationship com
Relator term խմբ.
Relationship edt
700 1# - ADDED ENTRY--PERSONAL NAME
Personal name Սարգսյան, Նելլի
Relator term կազմ.
Relationship com
Relator term խմբ.
Relationship edt
710 1# - ADDED ENTRY--CORPORATE NAME
Corporate name or jurisdiction name as entry element Մշակույթային կրթության աջակցության հիմնադրամ
Holdings
Withdrawn status Lost status Source of classification or shelving scheme Damaged status Not for loan Collection Home library Current library Date acquired Serial enumeration / chronology Total checkouts Full call number Barcode Date last seen Price effective from Koha item type Public note
    Universal Decimal Classification     General Fundamental Scientific Library Fundamental Scientific Library 02/05/2019 3   AIII/8861 FL0578015 02/05/2019 02/05/2019 Գրքեր / Books 30 Days Loan


ՀՀ ԳԱԱ հիմնարար գիտական գրադարան
ՀՀ,Երևան 0019
Մարշալ Բաղրամյան 24/6
հեռախոս:(374-10) 52-47-50
Հետադարձ կապ

All site content, except where otherwise noted, is licensed under a
Creative Commons License